| 000 | 01200pab a2200169 454500 | ||
|---|---|---|---|
| 008 | 180718b2010 xxu||||| |||| 00| 0 eng d | ||
| 100 | _aPatnaik, Prabhat | ||
| 245 | _aA left approach to development | ||
| 260 | _c2010 | ||
| 300 | _ap.33-37. | ||
| 362 | _a24 Jul | ||
| 520 | _aAgainst the "means-based approach" to development that the bourgeoisie projects, the left must project a "rights-based approach". Since "rights" are guarantors of welfare gains, every winning of rights likewise strengthens them. The acquisition of rights on the part of the people, including rights to minimum bundles of goods, services and security, amounts therefore to winning crucial battles in the class war for the transcendence of capitalism. If the left were to put on its agenda a struggle for people's rights and adopt a rights-based approach to development as opposed to the means-based approach of the bourgeois formations, it would not constitute a retreat into abstract humanism but would be an integral part of the dialectics of subversion of the logic of capital. - Reproduced. | ||
| 650 | _aEconomic and social development | ||
| 773 | _aEconomic and Political Weekly | ||
| 908 | _aN | ||
| 909 | _a87158 | ||
| 999 |
_c87158 _d87158 |
||